Normal view
MARC view
- KHAWAJA NIZAM-UD-DIN AULIA-FARMOODATE ISLAM-FARMOODAT-E-HAZRAT KHAWAJA NIZAM-UD-DIN AULIA
Entry Topical Term
001 - CONTROL NUMBER
- control field: 78820
003 - CONTROL NUMBER IDENTIFIER
- control field: NUST
005 - DATE AND TIME OF LATEST TRANSACTION
- control field: 20210628210256.0
008 - FIXED-LENGTH DATA ELEMENTS
- fixed length control field: 210628|| aca||aabn | a|a d
040 ## - CATALOGING SOURCE
- Original cataloging agency: NUST
- Transcribing agency: NUST
150 ## - HEADING--TOPICAL TERM
- Topical term or geographic name entry element: KHAWAJA NIZAM-UD-DIN AULIA-FARMOODATE ISLAM-FARMOODAT-E-HAZRAT KHAWAJA NIZAM-UD-DIN AULIA
670 ## - SOURCE DATA FOUND
- Source citation: Work cat.: (NUST): Syed Maqbool Hussain 13511, Farmoodat-e-hazrat khawaja nizam-ud-din aulia, 1999
